[Event "Czech GM Open A"]
[Site "Pardubice CZE"]
[Date "2011.07.25"]
[Round "4.13"]
[White "Danin, A."]
[Black "Neuman, P."]
[Result "1-0"]
[WhiteElo "2538"]
[BlackElo "2454"]
[Annotator "Müller,Karsten"]
[PlyCount "239"]
[EventDate "2011.07.22"]
[EventType "swiss"]
[EventRounds "9"]
[EventCountry "CZE"]
[Source "Mark Crowther"]
[SourceDate "2011.08.01"]

1. e4 c6 2. d4 d5 3. Nc3 g6 4. h3 Bg7 5. Nf3 dxe4 6. Nxe4 Nf6 7. Nxf6+ exf6 8.
Bd3 O-O 9. O-O Qd6 10. Be3 Be6 11. c3 Rd8 12. Nd2 Nd7 13. Bc4 Bxc4 14. Nxc4 Qd5
15. Qb3 Nf8 16. Nd2 Qd7 17. a4 Ne6 18. Nf3 f5 19. Rad1 a6 20. d5 cxd5 21. Bb6
Nc7 22. c4 Re8 23. cxd5 Re4 24. Nd2 Re5 25. Bxc7 Qxc7 26. d6 Qc6 27. Nc4 Rc5
28. Nb6 Rd8 29. d7 Qe6 30. Qb4 Bf8 31. a5 Re5 32. Qc3 Bc5 33. Rd2 Be7 34. Rfd1
Rc5 35. Qg3 Rxa5 36. Nc8 Re5 37. Nxe7+ Qxe7 38. Kh2 h5 39. Qc3 Rc5 40. Qb4 Kf8
41. Qxb7 a5 42. Qb6 Re5 43. Qd4 Qc5 44. Qf4 Kg7 45. Rc1 Qxc1 46. Qxe5+ Kh7 47.
Qd6 Qc4 48. Rd4 Qe6 49. Qc7 Qe7 50. Rd1 h4 51. Rd5 Kg8 52. Qc1 Qe6 53. Qc5 f6
54. Qc7 Qe7 55. Qc4 Kg7 56. Qc8 Kf7 57. Rd1 Kg7 58. Kg1 g5 59. Kf1 Kg6 60. Qc7
Kh6 61. Rd2 Kg6 62. Rd1 Kh6 63. Rd6 Kg6 64. Rd5 Kf7 65. Qc4 Qe6 66. Qb5 Kg6 67.
Qd3 Kf7 68. Qb5 Kg6 69. Qd3 Kf7 70. Rd4 Kg6 71. Qd2 Qe5 72. Kg1 Qe6 73. Rd3 Kf7
74. Rd6 Qe7 75. Qd5+ Kg6 76. Kh2 Kg7 77. Qd2 Kg6 78. Rd5 Qe6 79. Kg1 Kf7 80.
Rd3 Kg6 81. Kf1 Kf7 82. Qd1 Kg6 83. Rd5 Kg7 84. Qd3 Kf7 85. b3 Kg6 86. Qd4 Kf7
87. Qc4 Kg6 88. Rd1 Kf7 89. Qb5 Kg6 90. Rd3 Kf7 91. Rd2 Kg6 92. Rd5 Kf7 93. Qc4
Kg6 94. Qd3 Kf7 95. Qxf5 Qxf5 96. Rxf5 Rxd7 97. Rxa5 Rd2 98. Rb5 Rb2 99. Rb8
Kg6 100. b4 Rb1+ 101. Ke2 Rb2+ 102. Ke3 Rb3+ 103. Kd4 Rb2 104. Ke3 Rb3+ 105.
Ke4 Rb2 106. b5 Rxf2 107. b6 Rb2 108. b7 Rb4+ 109. Kd5 Kf5 $1 {[%cal Gf5f4,
Gf4g3,Gg3g2]} (109... Kg7 $2 {is not sufficient here as the checking distance
of Black's rook is too short:} 110. Kc6 Rc4+ 111. Kb5 Rc2 112. Rc8 Rxg2 113.
Rc4 Rb2+ 114. Rb4 $18) (109... Kf7 $2 {is refuted by the typical trick} 110.
Rh8 Rxb7 111. Rh7+ $18) (109... f5 $2 110. Rg8+ Kh5 111. b8=Q Rxb8 112. Rxb8 g4
113. Rg8 $18) 110. Kc6 Rc4+ $2 {This check just loses valuable time.} (110...
Kf4 $1 111. Ra8 (111. Rf8 Rxb7 112. Kxb7 Kg3 113. Rxf6 Kxg2 114. Rg6 (114. Kc6
Kxh3 115. Kd5 Kg2 116. Ke4 h3 117. Ke3 h2 118. Rf2+ Kg3 $11 {Bodycheck!})
114... Kxh3 115. Rxg5 Kh2 116. Kc6 h3 117. Kd5 Kh1 118. Ke4 h2 $11) 111... Kg3
{The king still has to run for cover.} ({As} 111... Rxb7 $2 {runs into} 112.
Ra4+ Kg3 113. Rg4+ Kf2 114. Kxb7 $18) 112. Ra4 (112. Ra2 f5 113. Ra5 Rxb7 114.
Kxb7 Kxg2 $11) 112... Rb2 (112... Rxb7 $2 113. Rg4+ Kf2 114. Kxb7 $18) (112...
Rxa4 113. b8=Q+ Rf4 {should be drawn as well.}) 113. Ra2 (113. Ra5 Rxb7 114.
Kxb7 Kxg2 115. Ra3 f5 $11) (113. Rg4+ Kf2 114. Kc7 Rc2+ 115. Kb6 Rb2+ 116. Kc6
Rb1 $11) 113... Rb1 114. Kc7 f5 115. b8=Q Rxb8 116. Kxb8 g4 117. Kc7 gxh3 118.
gxh3 Kxh3 119. Kd6 Kg3 120. Ke5 h3 121. Ra3+ Kg4 $11) 111. Kb5 Rc2 112. Rc8
Rb2+ 113. Kc6 Kf4 114. b8=Q+ Rxb8 115. Rxb8 Kg3 116. Rb2 f5 117. Kd5 g4 118.
Ke5 $1 (118. hxg4 $2 fxg4 119. Ke4 h3 120. gxh3 gxh3 121. Rb3+ Kg2 122. Kf4 h2
123. Rb2+ Kh3 $1 $11 {Bodycheck!}) 118... gxh3 (118... f4 119. hxg4 Kxg4 120.
Rb3 $18) 119. gxh3 f4 (119... Kxh3 120. Kxf5 ({Of course not} 120. Kf4 $4 {
stalemate}) 120... Kg3 121. Rb3+ Kg2 122. Kg4 $18) 120. Rb3+ (120. Rb3+ f3 121.
Ke4 Kxh3 122. Kxf3 Kh2 123. Kf2 h3 124. Ra3 Kh1 125. Rxh3#) 1-0